Estudio sobre los legados según el Derecho Civil chileno
Enregistré dans:
| Auteur principal: | |
|---|---|
| Format: | Livre |
| Langue: | espagnol |
| Publié: |
Santiago
Legal Publishing
2012
|
| Édition: | 1a. ed |
| Sujets: | |
| Tags: |
Ajouter un tag
Pas de tags, Soyez le premier à ajouter un tag!
|
MARC
| LEADER | 00000cam a2200000 a 4500 | ||
|---|---|---|---|
| 001 | UCF1413 | ||
| 003 | CL-VaPUC | ||
| 008 | 120629e20120500CL |||||||||||||||||spa|d | ||
| 020 | |a 9789563461961 | ||
| 082 | 0 | 4 | |a 346.052 |b GUZ |2 21 |
| 100 | |a Guzmán Brito, Alejandro Ángel |e autor |9 388 | ||
| 245 | 1 | 0 | |a Estudio sobre los legados según el Derecho Civil chileno |
| 250 | |a 1a. ed | ||
| 300 | |a 284 p | ||
| 942 | |c BK | ||
| 945 | |d 20120629 00:00:00 |a dcastane | ||
| 260 | |a Santiago |b Legal Publishing |c 2012 | ||
| 650 | 0 | |a Albaceas |9 256324 | |
| 650 | 7 | |a LEGADOS |2 CL-VaPUC |9 256326 | |
| 650 | 0 | |a Derecho sucesorio |9 255015 | |
| 650 | 0 | |a Herencia |9 256325 | |
| 650 | 7 | |a TESTAMENTOS |2 CL-VaPUC |9 255014 | |
| 583 | |a last modification |c 20120629 12:35:00 |k Rodrigo Vera | ||
| 999 | |c 348208 |d 348206 | ||
| 952 | |0 0 |1 0 |4 0 |6 346_052000000000000_GUZ_2012 |7 0 |8 A |9 450140 |a BIBDER |b BIBDER |d 2019-11-22 |i 4879864 |o 346.052 GUZ 2012 |p 4879864 |r 2023-01-25 |w 2019-11-22 |y BK |k DER | ||